000 00907nam a2200253Ia 4500
003 OSt
005 20220923221008.0
006 a|||||r|||| 00| 0
007 ta
008 220922b |||||||| |||| 00| 0 hin d
024 _a193,504
037 _cTextual
040 _aARTS
_cARTS
_bhin
041 _2hin
_ahin
082 _aO152,3xN, M8
100 _aत्यागी, हरि प्रकाश, संपा.
_9164946
245 0 _aजीवंत दोस्तों की कहानियॉ
246 _aJīvanta dostoan kī kahāniyaॉ
260 _aदिल्ली
_b हिन्दी साहित्य संसार
_c1988
300 _a6]134पृ.
_ccm.
650 _aहिन्दी साहित्य
_9156264
942 _hO152,3xN, M8
_cTEXL
_2CC
999 _c345952
_d345952